Characterization of mitochondrial DNA variability in a hybrid swarm between subspecies of bluegill sunfish (<Lepomis Macrochirus>) (Registro nro. 10965)
[ vista simple ]
| 000 -CABECERA | |
|---|---|
| Campo de control | 008420000a22002290004500 |
| 090 ## - CLASIFICACIÓN LOCAL | |
| Colección | AR |
| Consecutivo | 01888 |
| 041 0# - IDIOMA | |
| Código de idioma para texto/pista de sonido o título separado | |
| 100 1# - ASIENTO PRINCIPAL--NOMBRE PERSONAL | |
| Nombre personal | Avise, John C. |
| 245 10 - MENCION DE TITULO | |
| Título | Characterization of mitochondrial DNA variability in a hybrid swarm between subspecies of bluegill sunfish (<Lepomis Macrochirus>) |
| 650 14 - ASIENTO SECUNDARIO DE MATERIA - TERMINO TEMATICO | |
| Término temático o nombre geográfico como elemento de entrada | Genética |
| 650 14 - ASIENTO SECUNDARIO DE MATERIA - TERMINO TEMATICO | |
| Término temático o nombre geográfico como elemento de entrada | Taxonomía animal |
| 650 14 - ASIENTO SECUNDARIO DE MATERIA - TERMINO TEMATICO | |
| Término temático o nombre geográfico como elemento de entrada | Especies híbridas |
| 651 #4 - ASIENTO SECUNDARIO DE MATERIA - NOMBRE GEOGRAFICO | |
| -- | Florida |
| -- | Estados Unidos |
| 651 #4 - ASIENTO SECUNDARIO DE MATERIA - NOMBRE GEOGRAFICO | |
| -- | Mississippi |
| -- | Estados Unidos |
| 651 #4 - ASIENTO SECUNDARIO DE MATERIA - NOMBRE GEOGRAFICO | |
| -- | Georgia |
| -- | Estados Unidos |
| 653 ## - TERMINO DE INDIZACION - NO CONTROLADO | |
| -- | Lepomis |
| -- | Lepomis macrochirus |
| 700 1# - ASIENTO SECUNDARIO - NOMBRE PERSONAL | |
| Nombre personal | Bermingham, Eldredge |
| 700 1# - ASIENTO SECUNDARIO - NOMBRE PERSONAL | |
| Nombre personal | Kessler, Louis G. |
| 700 1# - ASIENTO SECUNDARIO - NOMBRE PERSONAL | |
| Nombre personal | Saunders, Nancy C. |
| 773 1# - Item fuente: | |
| Título | Evolution: International Journal of Organic Evolution |
| Especificación de materiales | 11 |
| Descripción física | 5 |
| Paginas del Articulo | 931-941 |
| Lugar, editorial y fecha de publicación | 1984 |
| Información sobre la relación | 38 |
| 942 ## - ELEMENTOS ADICIONALES (KOHA) | |
| Tipo de ítem | Artículo |
| Withdrawn status | Lost status | Damaged status | No para préstamo | Colección | Ubicación Permanente | Ubicación actual | Fecha de adquisición | Fuente de Valor | Datos de publicación Seriada | Total Checkouts | Número topográfico | Inventario / Código de Barras | Date last seen | Ejemplar | Price effective from | Forma de adquisición | Tipo de material |
|---|---|---|---|---|---|---|---|---|---|---|---|---|---|---|---|---|---|
| No para Préstamo | Hemeroteca | Bogotá | Bogotá | 27/02/2015 | Fernández, Fernando | Fuera de circulación | AR 01888 | 012255 | 25/03/2015 | 1 | 25/03/2015 | Artículo |